header

Avid Media Composer 6.x cookbook (Record no. 32833)

MARC details
000 -LEADER
fixed length control field 01266nam a2200289Ia 4500
100 1# - MAIN ENTRY--AUTHOR NAME
Personal name Hershleder, Benjamin.
245 10 - TITLE STATEMENT
Title Avid Media Composer 6.x cookbook
260 ## - PUBLICATION, DISTRIBUTION, ETC. (IMPRINT)
Place of publication Birmingham, UK :
Name of publisher Packt Pub.,
Year of publication 2012.
300 ## - PHYSICAL DESCRIPTION
Number of Pages v, 404 p. :
Other physical details ill.
500 ## - GENERAL NOTE
General note Includes index.
650 #0 - SUBJECT ADDED ENTRY--TOPICAL TERM
Topical Term Project management
Topical Term Electronic data processing
856 40 - ELECTRONIC LOCATION AND ACCESS
Uniform Resource Identifier http://site.ebrary.com/lib/rucke/Doc?id=10642550

No items available.

© 2026 Rongo University
Contact us: librarian | system librarian | Rongo university